000 00338nam a22001217a 4500
008 180605b xxu||||| |||| 00| 0 eng d
041 _aeng
080 _a043.3
100 _a0
101 _aMBE-MTH
245 _aMenaxhimi i politikave publike fiskale dhe roli i tyre në zhvillimin e bizneseve të Kosovës
_cMustafa,B
942 _2udc
_cBK
999 _c46294
_d46294